000 01164nam0a22002651 4500
001 rc\746255
005 20040301142206.7
035 _a(NLR Aleph) 006275080
090 _a6990484
_c6990484
100 _a20040301d1985 u |0rusy50 ca
101 0 _arus
102 _aRU
105 _ay |||||||||
200 1 _aХирургическое лечение больных с патологией гепатогастропанкреато-дуоденального отдела пищеварительной системы
_e[Сб. ст.]
_fОтв. ред. проф. Г.И. Веронский и проф. Б.С. Добряков
210 _aНовосибирск
_cНовосиб. мед. ин-т
_d1985
215 _a76 с.
_d20
225 1 _aНаучные труды
_fНовосиб. гос. мед. ин-т
_vТ. 120
300 _aВ надзаг. также: М-во здравоохранения СССР
320 _aБиблиогр. в конце ст.
702 1 _aВеронский
_bГ. И.
_gГерман Иосифович
_4340
801 0 _aRU
_bNLR
_gpsbo
801 1 _aRU
_bELAR
_2rusmarc
852 _aNLR
_jП16/600
942 _cBOOK
980 _aNB